000 00663nam a2200229Ia 4500
003 OSt
005 20220923220804.0
006 a|||||r|||| 00| 0
007 ta
008 220922b |||||||| |||| 00| 0 hin d
024 _a190,450
037 _cTextual
040 _aARTS
_cARTS
_bhin
041 _2hin
_ahin
082 _aR6vN5, 152L2
100 _aशर्मा, हरवंश लाल
245 0 _aभारतीय दर्शन परमपरा
246 _aBhāratīya darshan paramaparā
260 _c1972
942 _hR6vN5, 152L2
_cTEXL
_2CC
999 _c343225
_d343225